000 00569nam a22001817a 4500
005 20170908151017.0
010 _aENG-120371
020 _a9789384566005
_c2000
035 _aEN-103903
037 _bDBAD/PUB
082 _a909.09824
100 _aMukherjee,Arindam
245 _aThe Indian ocean civilisation /
_cby Arindam Mukherjee /
260 _aKolkata
_bInstitute of social and cultural studies
_c2015
270 _a48/2,Dr.suresh Sarkar Road
_bKolkata
_e700014
300 _a94p.:
_c29cm(Hb)
_bill(coll)
942 _2ddc
_cEN
_h909.09824
_mMUK
999 _c144224
_d144224